Geografía, economía y sociedad en el mundo actual /

Guardado en:
Autor Principal: Flores, Fabián Claudio
Formato: Libro
Publicado: Buenos Aires : Longseller, 2015
Series:Enfoques; 125
Materias:
Etiquetas: Agregar Etiqueta
Sin Etiquetas, Sea el primero en etiquetar este registro!
LEADER 01395nam a22003015a 4500
001 CEM.cems014637
005 20150903180112.0
008 130507s2015##################000#0#####d
003 CEMS
020 |a 9789876834490 
082 0 4 |a Z330.9 
100 1 |a Flores, Fabián Claudio 
245 1 0 |a Geografía, economía y sociedad en el mundo actual /  |c Fabián Claudio Flores ... y Otros 
260 |a Buenos Aires :  |b Longseller,  |c 2015 
300 |a 208 p. 
490 0 |a Enfoques; 125 
505 0 |a Un mundo globalizado: un mundo desigual -- Ambiente, recursos y sociedad en el mundo actual -- La población en un mundo globalizado -- Los espacios rurales en el mundo global -- Los espacios urbanos en el mundo global -- Espacio, política y cultura en un mundo global 
653 |a Geografía 
653 |a Geografía mundial 
653 |a Globalización 
653 |a Texto escolar 
859 |a CEMS  |b BIB. CEMS - 11 de abril  |h Z330.9  |i F663  |p 27217.15  |t Ej.1 
859 |a CEMS  |b BIB. CEMS - 11 de abril  |h Z330.9  |i F663  |p 27218.15  |t Ej.2 
859 |a CEMS  |b BIB. CEMS - 11 de abril  |h Z330.9  |i F663  |p 27219.15  |t Ej.3 
859 |a CEMS  |b BIB. CEMS - 11 de abril  |h Z330.9  |i F663  |p 27622.18  |t Ej.4 
859 |a CEMS  |b BIB. CEMS - 11 de abril  |h Z330.9  |i F663  |p 27623.18  |t Ej.5 
859 |a CEMS  |b BIB. CEMS - 11 de abril  |h Z330.9  |i F663  |p 27624.18  |t Ej.6 
859 |a CEMS  |b BIB. CEMS - 11 de abril  |h Z330.9  |i F663  |p 28369.19  |t Ej.7